Protekcionizmus dlhodobo škodí Zavedenie obmedzení na dovoz tovarov zo zahraničia hodnotí Protimonopolný úrad SR ako opatrenie obmedzujúce hospodársku súťaž

Striedanie teoretických názorov na zahraničnoobchodné vzťahy s uprednostňovaním buď ochranárskych opatrení, alebo odbúrania bariéry rozvoja obchodu. V súčasnosti snaha o liberelizáciu obchodu v rámci GATT, praktická realizácia v protiklade k týmto snahám, príklad opatrnosti EÚ voči východnej Európe....

Description complète

Enregistré dans:
Détails bibliographiques
Auteur principal: Zemanovičová, Daniela
Format: Chapitre de livre
Langue:slovaque
Sujets:
Tags: Ajouter un tag
Pas de tags, Soyez le premier à ajouter un tag!

MARC

LEADER 00000naa a2200000 4500
001 r015197
005 20220928112754.9
041 0 |a slo 
044 |a SK 
245 1 0 |a Protekcionizmus dlhodobo škodí  |b Zavedenie obmedzení na dovoz tovarov zo zahraničia hodnotí Protimonopolný úrad SR ako opatrenie obmedzujúce hospodársku súťaž  |c Daniela Zemanovičová 
520 |a Striedanie teoretických názorov na zahraničnoobchodné vzťahy s uprednostňovaním buď ochranárskych opatrení, alebo odbúrania bariéry rozvoja obchodu. V súčasnosti snaha o liberelizáciu obchodu v rámci GATT, praktická realizácia v protiklade k týmto snahám, príklad opatrnosti EÚ voči východnej Európe. Nevyhnutnosť zahraničnej konkurencie. Krátkodobá ochranárska politika a jej využitie tak, aby neznižovala konkurencieschopnosť a prispôsobovanie sa náročným podmienkam na trhoch. 
610 2 0 |a protekcionizmus 
610 2 0 |a podmienky obchodné 
610 2 0 |a Slovensko 
610 2 0 |a GATT 
610 2 0 |a obchod medzinárodný 
610 2 0 |a konkurencieschopnosť 
610 2 0 |a Európska únia 
100 1 |a Zemanovičová, Daniela